Statistics for O Canada Lyrics Quiz

Click here to take the quiz!

General Stats

  • This quiz has been taken 32,949 times
    (11,030 since last reset)
  • The average score is 23 of 37

Answer Stats

Lyric% Correct
O
100%
Canada
99%
land
86%
The
86%
and
83%
our
82%
Our
82%
home
77%
we
77%
native
71%
love
68%
for
66%
on
65%
True
64%
free
64%
thee
63%
stand
61%
all
59%
patriot
58%
in
58%
guard
57%
command
54%
North
54%
God
52%
strong
51%
With
49%
hearts
48%
see
48%
of
47%
keep
44%
glorious
44%
rise
43%
From
42%
glowing
42%
far
40%
wide
40%
us
39%

Score Distribution

Percentile by Number Answered

Percent of People with Each Score

Your Score History

You have not taken this quiz since the last reset